OPAC | Catalogo Arcigay delle biblioteche LGBTQIA+

Il Catalogo di Arcigay delle Biblioteche LGBTQIA+ è un servizio fornito grazie alla collaborazione tra Arcigay nazionale e le associazioni locali aderenti al progetto che conservano e rendono pubbliche biblioteche a tema LGBTQIA+.

Il padrone di casa / (Record no. 20883)

MARC details
000 -LEADER
campo di controllo lung. fissa 00849nam a22002417i 4500
001 - Numero di controllo
campo di controllo IT\ICCU\RAV\0694860
003 - Identificatore del numero di controllo
campo di controllo ItRI
005 - Data e orario dell'ultima transazione
campo di controllo 20260115232338.0
008 - Elementi di lunghezza fissa--Informazione generale
campo di controllo lung. fissa 001006s1947 it |||||| ||||| |||||c
015 ## - Numero della bibliografia nazionale
Fonte IT
Numero della bibliografia nazionale 1949 2316
024 70 - Altri identificatori standard
Numero standard o codice 294035
Fonte del numero o codice cubi
040 ## - Fonte della catalogazione
Lingua della catalogazione ita
Agenzia che fa la trascrizione importazione bologna sebina
041 #7 - Codice di lingua
Codice di lingua del testo/traccia sonora o titolo separato ita
Fonte del codice ISO-639-2
100 1# - Accesso principale -- nome di persona
Nome di persona Hall, Radclyffe
Numero del record di authority o numero standard IT\ICCU\CFIV\001539
Relazione: aut
240 14 - Titolo uniforme
Titolo uniforme The master of the house
-- IT\ICCU\LIA\0034326
9 (RLIN) Hall, Radclyffe
245 13 - Formulazione del titolo
Titolo Il padrone di casa /
Formulazione di responsabilità, ecc. Radclyffe Hall.
260 ## - Pubblicazione, distribuzione, ecc. (stampa)
Luogo di pubblicazione, distribuzione, ecc. Milano :
Nome dell'editore, distributore, ecc. Orsa Maggiore,
Data di pubblicazione, distribuzione, ecc. ©1947
300 ## - Descrizione fisica
Estensione 482 p., [1] c. di tav. :
Altre particolarità fisiche ill. ;
Dimensioni 19 cm
500 ## - Nota generale
Nota generale Trad. di Olga Gandolfo.
790 1# -
-- Hall, Marguerite Radclyffe
-- IT\ICCU\CFIV\153676
-- Hall, Radclyffe
790 1# -
-- Radclyffe Hall, Marguerite
-- IT\ICCU\CFIV\165214
-- Hall, Radclyffe
942 ## - Dati aggiuntivi (Koha)
Fonte della classificazione o dello schema di collocazione (segnatura) Classificazione decimale Dewey
Tipo copia default (Koha) Libri
Nasconto in Opac No
Holdings
Status ritirato Status smarrito: Status danneggiato: Escluso dal prestito Biblioteca di appartenenza Biblioteca corrente Data di acquisti Numero d'inventario Totale prestiti Collocazione Codice a barre Data ultima revisione Prezzo effettivo da Tipo copia default (Koha) Nota pubblica
        BOLOGNA | Centro di Documentazione "Flavia Madaschi" Cassero LGBTQIA+ Center BOLOGNA | Centro di Documentazione "Flavia Madaschi" Cassero LGBTQIA+ Center 15/01/2026 3269   L 823.912 HAL BO3269 15/01/2026 15/01/2026 Libri 1 v.
Se cerchi informazioni su Arcigay, le puoi trovare nel nostro sito: www.arcigay.it